000 00862nam a2200265Ia 4500
003 OSt
005 20220918170244.0
006 a|||||r|||| 00| 0
007 ta
008 220917b |||||||| |||| 00| 0 eng d
020 _a9780 521681933 (pbk)
_c2741.30
024 _a289,055
037 _b0312, 28/01/2016, Synergy Books india
_cTextual
040 _aARTS
_cARTS
_beng
041 _2eng
_aeng
082 _aV49G.M3, Q5
100 _aAndaya Barbara Watson
_927913
245 0 _aHistory of early modern South East Asia 1400 - 1830
260 _aCambridge
_bCambridge University Press UK
_c2015
300 _axiii, 363p.
_ccm.
650 _aHISTORY
700 _a Andaya Leonard Y.
_927914
942 _hV49G.M3, Q5
_cTEXL
_2CC
999 _c133267
_d133267